Drama / Raina Telgemeier ; with color by Gurihiru.
Available copies
- 2 of 5 copies available at LARL/NWRL Consortium.
- 1 of 2 copies available at Lake Agassiz Regional Library. (Show preferred library)
Current holds
0 current holds with 5 total copies.
Show Only Available Copies
| Location | Call Number / Copy Notes | Barcode | Shelving Location | Status | Due Date |
|---|---|---|---|---|---|
| Bagley Public Library | J G TEL (Text) | 33500014323000 | Main | Available | - |
| Moorhead Public Library | J G TEL (Text) | 33500013728589 | Main | Checked out | 05/19/2026 |
| Red Lake Falls Public Library | j G TEL (Text) | 35500006831992 | Main | Checked out | 05/27/2026 |
| Roseau Public Library | j G TEL (Text) | 35500006932766 | New | Available | - |
| Thief River Falls Public Library | j TEL (Text) | 35500006611915 | Main | Checked out | 05/30/2026 |
Record details
- ISBN: 9781338801897
- ISBN: 9780545326988 (hc.)
- ISBN: 0545326982 (hc.)
- ISBN: 9780545326995
- ISBN: 0545326990
- Physical Description: 233 p. : ill. ; 21 cm.
- Edition: 1st ed.
- Publisher: New York : Graphix, 2012.
Content descriptions
| Bibliography, etc. Note: | Includes bibliographical references. |
| Summary, etc.: | Callie rides an emotional roller coaster while ... Read More |
Search for related items by subject
| Genre: | Graphic novels. |
| LDR | 02239cam a2200553 a 4500 | ||
|---|---|---|---|
| 001 | 147492 | ||
| 003 | LARL_NWRL_CONSORTIUM | ||
| 005 | 20221202172812.0 | ||
| 008 | 111205s2012 nyua c 6b 000 1 eng | ||
| 010 | . | ‡a2011040748 | |
| 019 | . | ‡a805572765 ‡a807201665 | |
| 020 | 1 | . | ‡a9781338801897 |
| 020 | . | ‡a9780545326988 (hc.) | |
| 020 | . | ‡a0545326982 (hc.) | |
| 020 | . | ‡a9780545326995 | |
| 020 | . | ‡a0545326990 | |
| 035 | . | ‡a(OCoLC)767824903 ‡z(OCoLC)805572765 ‡z(OCoLC)807201665 | |
| 040 | . | ‡aDLC ‡beng ‡cDLC ‡dBTCTA ‡dWIM ‡dFM0 ‡dOCLCO ‡dWIQ ‡dMLY ‡dYDXCP | |
| 042 | . | ‡alcac ‡apcc | |
| 043 | . | ‡an-us--- | |
| 082 | 0 | 0. | ‡a741.5/973 ‡223 |
| 100 | 1 | . | ‡aTelgemeier, Raina. ‡0(LARL_NWRL_CONSORTIUM)207111 |
| 245 | 1 | 0. | ‡aDrama / ‡cRaina Telgemeier ; with color by Gurihiru. |
| 250 | . | ‡a1st ed. | |
| 260 | . | ‡aNew York : ‡bGraphix, ‡c2012. | |
| 300 | . | ‡a233 p. : ‡bill. ; ‡c21 cm. | |
| 520 | . | ‡aCallie rides an emotional roller coaster while serving on the stage crew for a middle school production of Moon over Mississippi as various relationships start and end, and others never quite get going. | |
| 504 | . | ‡aIncludes bibliographical references. | |
| 650 | 1. | ‡aGraphic novels. ‡0(LARL_NWRL_CONSORTIUM)40036 | |
| 650 | 1. | ‡aTheater ‡vFiction. ‡0(LARL_NWRL_CONSORTIUM)175854 | |
| 650 | 1. | ‡aInterpersonal relations ‡vFiction. ‡0(LARL_NWRL_CONSORTIUM)165331 | |
| 650 | 1. | ‡aMiddle schools ‡vFiction. | |
| 650 | 1. | ‡aSchools ‡vFiction. ‡0(LARL_NWRL_CONSORTIUM)167222 | |
| 650 | 0. | ‡aTheater ‡vComic books, strips, etc. | |
| 650 | 0. | ‡aInterpersonal relations ‡vComic books, strips, etc. | |
| 650 | 0. | ‡aMiddle schools ‡vComic books, strips, etc. | |
| 650 | 0. | ‡aSchools ‡vComic books, strips, etc. | |
| 650 | 0. | ‡aComic books, strips, etc. ‡zUnited States. | |
| 655 | 0. | ‡aGraphic novels. | |
| 700 | 1 | . | ‡aGurihiru. ‡0(LARL_NWRL_CONSORTIUM)195673 |
| 901 | . | ‡a147492 ‡bOCLC ‡c147492 ‡tbiblio | |

Add to basket
Permalink
Disable Highlighting